| 000 | 00818cam a22002655a 4500 | ||
|---|---|---|---|
| 001 | 18026250 | ||
| 005 | 20160222114520.0 | ||
| 008 | 140131s2014 enka frb 001 0 eng d | ||
| 020 | _a9781137326003 (pbk.) | ||
| 040 |
_aDLC _beng _cDLC _dDLC _dEG-ScBUE |
||
| 082 | 0 | 4 |
_a658.8 _222 _bCHA |
| 100 | 1 |
_aChaston, Ian. _939406 |
|
| 245 | 1 | 0 |
_aSmall business marketing management / _cIan Chaston. |
| 250 | _a2nd ed. | ||
| 260 |
_aBasingstoke : _bPalgrave Macmillan, _c2014. |
||
| 300 |
_axiii, 296 p. : _bill. ; _c24 cm. |
||
| 500 | _aIndex : p. 287-296. | ||
| 500 | _aOnline resources available. | ||
| 504 | _aIncludes bibliographical references. | ||
| 650 | 0 |
_aSmall business marketing. _2BUEsh |
|
| 650 | 7 |
_aMarketing _xManagement. _2BUEsh _93301 |
|
| 651 | _2BUEsh | ||
| 653 |
_bBUSADM _cFebruary2016 |
||
| 942 | _2ddc | ||
| 999 |
_c21207 _d21179 |
||